<?xml version="1.0" encoding="UTF-8"?>
<record
    xmlns:xsi="http://www.w3.org/2001/XMLSchema-instance"
    xsi:schemaLocation="http://www.loc.gov/MARC21/slim http://www.loc.gov/standards/marcxml/schema/MARC21slim.xsd"
    xmlns="http://www.loc.gov/MARC21/slim">

  <leader>01411namaa22003131i 4500</leader>
  <controlfield tag="005">20260611125525.0</controlfield>
  <controlfield tag="008">260611s1995    ua a|||frm||| 000 0 eng d</controlfield>
  <datafield tag="040" ind1=" " ind2=" ">
    <subfield code="a">EG-GICUC</subfield>
    <subfield code="b">eng</subfield>
    <subfield code="c">EG-GICUC</subfield>
    <subfield code="d">EG-GICUC</subfield>
    <subfield code="e">rda</subfield>
  </datafield>
  <datafield tag="041" ind1="0" ind2=" ">
    <subfield code="a">eng</subfield>
    <subfield code="b">eng</subfield>
    <subfield code="b">ara</subfield>
  </datafield>
  <datafield tag="049" ind1=" " ind2=" ">
    <subfield code="a">Deposit</subfield>
  </datafield>
  <datafield tag="097" ind1=" " ind2=" ">
    <subfield code="a">M.Sc</subfield>
  </datafield>
  <datafield tag="099" ind1=" " ind2=" ">
    <subfield code="a">Cai01.11.01.M.Sc.1995.Sa.P</subfield>
  </datafield>
  <datafield tag="100" ind1="0" ind2=" ">
    <subfield code="a">Sahar Helmy abed El-Salam El- Awady,</subfield>
    <subfield code="e">preparation.</subfield>
  </datafield>
  <datafield tag="245" ind1="1" ind2="0">
    <subfield code="a">Patient - controlled analgesia (Pca) versus epidural opioids in acute pain relief /</subfield>
    <subfield code="c">By Sahar Helmy abed El-Salam El- Awady ; Supervision Prof. Dr. Ezzat Amin, Prof. Dr. Mohamed Omar Tawfik</subfield>
  </datafield>
  <datafield tag="246" ind1="1" ind2="5">
    <subfield code="a">&#x62F;&#x631;&#x627;&#x633;&#x629; &#x627;&#x644;&#x62A;&#x633;&#x643;&#x64A;&#x646; &#x627;&#x644;&#x62A;&#x62D;&#x643;&#x645;&#x64A; &#x628;&#x627;&#x644;&#x645;&#x631;&#x64A;&#x636; &#x645;&#x642;&#x627;&#x631;&#x646;&#x629; &#x628;&#x62D;&#x642;&#x646; &#x627;&#x644;&#x627;&#x641;&#x64A;&#x648;&#x646;&#x627;&#x62A; &#x62E;&#x627;&#x631;&#x62C; &#x627;&#x644;&#x627;&#x645; &#x627;&#x644;&#x62C;&#x627;&#x641;&#x64A;&#x629; &#x644;&#x62A;&#x633;&#x643;&#x64A;&#x646; &#x627;&#x644;&#x627;&#x644;&#x627;&#x645; &#x627;&#x644;&#x62D;&#x627;&#x62F;&#x629;</subfield>
  </datafield>
  <datafield tag="264" ind1=" " ind2="0">
    <subfield code="c">1995.</subfield>
  </datafield>
  <datafield tag="300" ind1=" " ind2=" ">
    <subfield code="a">169 Leaves</subfield>
    <subfield code="b">illustrations </subfield>
    <subfield code="c">30 cm. + </subfield>
  </datafield>
  <datafield tag="336" ind1=" " ind2=" ">
    <subfield code="2">rda content</subfield>
    <subfield code="a">text</subfield>
  </datafield>
  <datafield tag="337" ind1=" " ind2=" ">
    <subfield code="2">rdamedia</subfield>
    <subfield code="a">Unmediated</subfield>
  </datafield>
  <datafield tag="338" ind1=" " ind2=" ">
    <subfield code="2">rdacarrier</subfield>
    <subfield code="a">volume</subfield>
  </datafield>
  <datafield tag="502" ind1=" " ind2=" ">
    <subfield code="a">Thesis (M.Sc.)-Cairo University, 1995</subfield>
  </datafield>
  <datafield tag="504" ind1=" " ind2=" ">
    <subfield code="a">Bibliography: pages 146-169</subfield>
  </datafield>
  <datafield tag="653" ind1=" " ind2="0">
    <subfield code="a">(Pca)</subfield>
    <subfield code="a">acute pain relief</subfield>
    <subfield code="a"> versus epidural opioids in acute pain relief</subfield>
  </datafield>
  <datafield tag="700" ind1="0" ind2=" ">
    <subfield code="a">Ezzat Amin</subfield>
    <subfield code="e">thesis advisor.</subfield>
  </datafield>
  <datafield tag="700" ind1="0" ind2=" ">
    <subfield code="a">Mohamed Omar Tawfik</subfield>
    <subfield code="e">thesis advisor.</subfield>
  </datafield>
  <datafield tag="900" ind1=" " ind2=" ">
    <subfield code="D">Department of Anesthesiology</subfield>
    <subfield code="F">Faculty of Medicine</subfield>
    <subfield code="U">Cairo University</subfield>
    <subfield code="b">1995</subfield>
    <subfield code="c">Ezzat Amin</subfield>
    <subfield code="c">Mohamed Omar Tawfik</subfield>
  </datafield>
  <datafield tag="905" ind1=" " ind2=" ">
    <subfield code="a">Nehad</subfield>
  </datafield>
  <datafield tag="942" ind1=" " ind2=" ">
    <subfield code="2">ddc</subfield>
    <subfield code="c">TH</subfield>
    <subfield code="e">21</subfield>
    <subfield code="n">0</subfield>
  </datafield>
  <datafield tag="999" ind1=" " ind2=" ">
    <subfield code="c">180510</subfield>
  </datafield>
  <datafield tag="952" ind1=" " ind2=" ">
    <subfield code="2">ddc</subfield>
    <subfield code="9">319000</subfield>
    <subfield code="a">CUCL</subfield>
    <subfield code="b">100</subfield>
    <subfield code="d">2026-06-11</subfield>
    <subfield code="i">25817</subfield>
    <subfield code="o">Cai01.11.01.M.Sc.1995.Sa.P</subfield>
    <subfield code="p">01010110025817000</subfield>
    <subfield code="r">2026-06-11 11:56:39</subfield>
    <subfield code="w">2026-06-11</subfield>
    <subfield code="y">TH</subfield>
  </datafield>
</record>
